Porque eres mi amigo (Registro nro. 7715)

Detalles MARC
000 -CABECERA
Longitud fija campo de control 00962nam a2200265 c 4500
003 - • IDENTIFICADOR DELl NÚMERO DE CONTROL
Identificador del número de control CO-ViMGA
005 - • FECHA Y HORA DE LA ÚLTIMA TRANSACCIÓN
Fecha y hora de la última transacción 20230915234407.0
008 - • CÓDIGOS DE INFORMACIÓN DE LONGITUD FIJA
Códigos de información de longitud fija 150313s2014 sp a | |||| 000 1 spa
020 ## - • NÚMERO INTERNACIONAL NORMALIZADO PARA LIBROS
Número Internacional Normalizado para Libros (ISBN) 9789588699936
040 ## - FUENTE DE LA CATALOGACIÓN
Centro catalogador de origen CO-ViMGA
Lengua de catalogación spa
Centro transcriptor CO-ViMGA
100 1# - • PUNTO DE ACCESO PRINCIPAL-NOMBRE DE PERSONA
Nombre de persona Genechten, Guido van
Fechas asociadas al nombre 1957-
240 10 - • TÍTULO UNIFORME
Título uniforme <a href="Omdat je imjn vriendje bent">Omdat je imjn vriendje bent</a>
245 10 - • TITULO PROPIAMENTE DICHO
Título Porque eres mi amigo
Mención de responsabilidad, etc. Guido van Genechten ; [traduccion, Diego de los Santos]
300 ## - • DESCRIPCI&Oacute;N F&Iacute;SICA
Extensión [26] p.
Otras características físicas principalmente il. col.
Dimensiones 26 x 19 cm
490 ## - • MENCI&Oacute;N DE SERIE
Mención de serie Plan Nacional de Lectura y Escritura Leer es mi Cuento / Ministerio de Cultura
500 ## - • NOTA GENERAL
Nota general De 4 A 6 Años
650 14 - • PUNTO DE ACCESO ADICIONAL DE MATERIA - T&Eacute;RMINO DE MATERIA
Término de materia o nombre geográfico como elemento inicial Literatura Infantil Belga - Siglo Xx
650 14 - • PUNTO DE ACCESO ADICIONAL DE MATERIA - T&Eacute;RMINO DE MATERIA
Término de materia o nombre geográfico como elemento inicial Cuentos Infantiles Belgas - Siglo Xx
650 14 - • PUNTO DE ACCESO ADICIONAL DE MATERIA - T&Eacute;RMINO DE MATERIA
Término de materia o nombre geográfico como elemento inicial Libros Ilustrados Para Niños
700 1# - • PUNTO DE ACCESO ADICIONAL - NOMBRE DE PERSONA
Nombre de persona Santos, Diego de los
Fechas asociadas al nombre 1974-
Término indicativo de función traductor
942 ## - ENTRADA DE ELEMENTOS AGREGADOS (KOHA)
Fuente de clasificaión o esquema Dewey Decimal Classification
Koha [por defecto] tipo de item LIbro
Existencias
Perdido Fuente de clasificaci&oacute;n o esquema Estado Físico No para pr&eacute;stamo Forma de adquisición Localizaci&oacute;n permanente Localizaci&oacute;n actual Localización en estanterías Fecha adquisici&oacute;n Pr&eacute;stamos totales Signatura completa C&oacute;digo de barras Fecha &uacute;ltima consulta N&uacute;mero de copia Fecha del precio de reemplazo Tipo de item de Koha Renovaciones totales Fecha &uacute;ltimo pr&eacute;stamo Note p&uacute;blica
  Dewey Decimal Classification     Infantil Biblioteca Pública Cubarral Biblioteca Pública Cubarral Sala Infantil 07/21/2023   C GEN2 CUB00560 07/21/2023 Ej.1 07/21/2023 Libro Infantil      
  Dewey Decimal Classification     Infantil Biblioteca Pública Dorado Biblioteca Pública Dorado Sala Infantil 03/03/2023   C GEN2 DOR02547 03/03/2023 Ej.1 03/03/2023 Libro Infantil      
        Colección Sala Infantil de Literatura Pocatil y Tilín Biblioteca Pública Departamental Eduardo Carranza - Villavicencio Biblioteca Pública Departamental Eduardo Carranza - Villavicencio Sala Infantil 05/18/2017   C GEN2 ECA25610 11/26/2024 Ej.1 11/26/2024 LIbro     19425 | 24802
  Dewey Decimal Classification     Sala Infantil Segundo Piso Biblioteca Pública Germán Arciniegas - Villavicencio Biblioteca Pública Germán Arciniegas - Villavicencio   03/22/2017 8 C GEN2 031721 10/18/2022 Ej. 1 03/22/2017 LIbro 4 08/31/2021  
  Dewey Decimal Classification     Infantil Biblioteca Pública Guamal Biblioteca Pública Guamal Sala Infantil 02/16/2023   C GEN2 GUA001402 02/16/2023 Ej.1 02/16/2023 Libro Infantil      
  Dewey Decimal Classification     Infantil Biblioteca Pública Mapiripan Biblioteca Pública Mapiripan Sala Infantil 01/26/2024   C GEN2 MAP00003994 01/26/2024 Ej.1 01/26/2024 LIbro      
  Dewey Decimal Classification       Biblioteca Pública San Juan de Arama - Concepción de Arama Biblioteca Pública San Juan de Arama - Concepción de Arama Sala Infantil 02/27/2026   C GEN2 SJA01387 02/27/2026 Ej.1 02/27/2026 LIbro      
  Dewey Decimal Classification     Infantil Biblioteca Pública San Juanito - Ernesto Maria Peña Romero Biblioteca Pública San Juanito - Ernesto Maria Peña Romero Sala Infantil 01/22/2024 2 C GEN2 SJU00306 08/25/2025 Ej.1 01/22/2024 LIbro   07/24/2025  
  Dewey Decimal Classification     Infantil Biblioteca Pública San Juanito - Ernesto Maria Peña Romero Biblioteca Pública San Juanito - Ernesto Maria Peña Romero Sala Infantil 01/22/2024   C INK1 SJU00307 01/22/2024 Ej.1 01/22/2024 LIbro      









Instituto Departamental de Cultura del Meta - Red Departamental de Bibliotecas Públicas del Meta.